| Tag |
First Indicator |
Second Indicator |
Subfields |
| LEADER |
00000cam a2200000 i 4500 |
| 001 |
in00000222221 |
| 005 |
20151009071933.0 |
| 008 |
790809s1979 txu d 00000 eng d |
| 035 |
|
|
|a (OCoLC)05258230
|
| 035 |
|
|
|9 AAY8430AM
|
| 040 |
|
|
|a TXA
|c TXA
|d UtOrBLW
|
| 049 |
|
|
|a TXAF [Also in][Archives]
|c 1 [1614658], 2 [1614659]
|
| 090 |
|
|
|a QA76
|b .D6 1979
|
| 245 |
0 |
0 |
|a Directory of computer facilities in the Southwest :
|b (Arkansas, Louisiana, New Mexico, Oklahoma, Texas) /
|c [Norman C. Whitehorn].
|
| 264 |
|
1 |
|a College Station, Texas :
|b Industrial Economics Research Division, Texas Engineering Experiment Station, Texas A&M University,
|c 1979.
|
| 300 |
|
|
|a v, 404 pages ;
|c 28 cm.
|
| 336 |
|
|
|a text
|b txt
|2 rdacontent
|
| 337 |
|
|
|a unmediated
|b n
|2 rdamedia
|
| 338 |
|
|
|a volume
|b nc
|2 rdacarrier
|
| 650 |
|
0 |
|a Computers
|z United States
|x Directories.
|
| 650 |
|
0 |
|a Computer industry
|z United States
|v Directories.
|
| 650 |
|
0 |
|a Computation laboratories
|z United States
|x Directories.
|
| 700 |
1 |
|
|a Whitehorn, Norman C.
|q (Norman Cecil)
|
| 710 |
2 |
|
|a Texas Engineering Experiment Station.
|b Industrial Economics Research Division.
|
| 999 |
|
|
|a MARS
|
| 999 |
f |
f |
|s 9428dbbb-c515-3ea1-bf55-a728ba467ad7
|i 0625ed0d-0047-373f-a827-5a294947c550
|t 0
|
| 952 |
f |
f |
|p ric
|a Texas A&M University
|b Rellis Campus
|c Joint Library Facility
|d Remote Storage
|t 0
|e QA76 .D6 1979
|h Library of Congress classification
|i unmediated -- volume
|m A14805891665
|
| 998 |
f |
f |
|a QA76 .D6 1979
|t 0
|l Remote Storage
|